[Event "Madrid-ch Semifinal A"]
[Site "Madrid ESP"]
[Date "2016.03.16"]
[Round "6.4"]
[White "Nuñez Reiz, Antonio"]
[Black "Rottenwohrer Suarez, Juan"]
[Result "0-1"]
[WhiteElo "2083"]
[BlackElo "1985"]
[PlyCount "92"]
[EventDate "2016.03.07"]
[EventType "swiss"]
[EventRounds "9"]
[EventCountry "ESP"]
[Source "lmi"]
[SourceDate "2016.03.07"]

1. e4 c5 2. Nf3 g6 3. c4 Nc6 4. d4 cxd4 5. Nxd4 Bg7 6. Nc2 Nf6 7. Nc3 O-O 8.
Be3 d6 9. f3 Nd7 10. Qd2 Nc5 11. b4 Ne6 12. Rb1 a5 13. b5 Nb4 14. a3 Nxc2+ 15.
Qxc2 f5 16. Bd3 Nd4 17. Qd2 fxe4 18. Bxe4 e5 19. Bd5+ Kh8 20. O-O Rb8 21. Ne4
Bf5 22. Rbd1 Qd7 23. Bh6 b6 24. Bxg7+ Kxg7 25. Qf2 Bxe4 26. Bxe4 Qc7 27. Bd5
Qc5 28. Rfe1 Rbc8 29. Kh1 Rc7 30. Rd3 Rf6 31. Qd2 Rf4 32. g3 Rf6 33. Kg2 Nf5
34. Re4 Ne7 35. Rh4 Nxd5 36. Rxd5 Qxa3 37. Rd3 Qc5 38. Rd5 Qb4 39. Qh6+ Kg8 40.
Qg5 Rcf7 41. Qe3 Rxf3 42. Qxb6 Qb2+ 43. Kh3 Rf2 44. Qd8+ Kg7 45. Qxd6 Rxh2+ 46.
Kg4 Qe2+ 0-1

[Event "Madrid-ch Semifinal A"]
[Site "Madrid ESP"]
[Date "2016.03.16"]
[Round "6.5"]
[White "Ruiz Quevedo, Andres"]
[Black "Nuñez Miranda, Adrian"]
[Result "0-1"]
[WhiteElo "1896"]
[BlackElo "2120"]
[PlyCount "62"]
[EventDate "2016.03.07"]
[EventType "swiss"]
[EventRounds "9"]
[EventCountry "ESP"]
[Source "lmi"]
[SourceDate "2016.03.07"]

1. c4 Nf6 2. g3 c5 3. Bg2 d5 4. Nf3 Nc6 5. O-O e5 6. cxd5 Nxd5 7. Nc3 Nc7 8. d3
Be7 9. Nd2 Bd7 10. a4 Ne6 11. Nc4 f6 12. f4 exf4 13. gxf4 O-O 14. Ne4 Ned4 15.
Be3 Bg4 16. Ng3 Qd7 17. Bf2 h5 18. Re1 Nb4 19. Ne3 Be6 20. Rc1 Bb3 21. Qd2 Bf7
22. Ne4 Nb3 23. Qd1 f5 24. Ng5 Bxg5 25. fxg5 Nxc1 26. Qxc1 f4 27. Nc4 Bd5 28.
Bxc5 Qg4 29. e4 Nxd3 30. Qc3 Nxe1 31. Qxe1 Bxc4 0-1

[Event "Madrid-ch Semifinal A"]
[Site "Madrid ESP"]
[Date "2016.03.16"]
[Round "6.6"]
[White "Cabañas Bravo, Juan Andres"]
[Black "Martos De La Vega, Alvar"]
[Result "1-0"]
[WhiteElo "2009"]
[BlackElo "1990"]
[PlyCount "55"]
[EventDate "2016.03.07"]
[EventType "swiss"]
[EventRounds "9"]
[EventCountry "ESP"]
[Source "lmi"]
[SourceDate "2016.03.07"]

1. e4 c5 2. Nf3 d6 3. d4 cxd4 4. Nxd4 Nf6 5. Nc3 a6 6. Bg5 e6 7. f4 Be7 8. Qf3
Nbd7 9. Bc4 h6 10. Bxf6 Bxf6 11. O-O-O Qb6 12. Nxe6 fxe6 13. Qh5+ Ke7 14. e5
dxe5 15. Rhe1 Nc5 16. fxe5 Bg5+ 17. Kb1 Rd8 18. Qg6 Rd7 19. Nd5+ Rxd5 20. Rxd5
Nd7 21. Rdd1 Kd8 22. Bxe6 Kc7 23. Qf7 Kb8 24. Bxd7 Ka7 25. Qxg7 Bxd7 26. Qxd7
Rd8 27. Qf5 Qb4 28. Qf2+ 1-0

[Event "Madrid-ch Semifinal A"]
[Site "Madrid ESP"]
[Date "2016.03.16"]
[Round "6.7"]
[White "Yague Sanchez, Sergio"]
[Black "Martin Martin, Luis Vicente"]
[Result "0-1"]
[WhiteElo "1893"]
[BlackElo "2024"]
[PlyCount "36"]
[EventDate "2016.03.07"]
[EventType "swiss"]
[EventRounds "9"]
[EventCountry "ESP"]
[Source "lmi"]
[SourceDate "2016.03.07"]

1. d4 Nf6 2. c4 e5 3. dxe5 Ne4 4. Nf3 d6 5. exd6 Bxd6 6. e3 Bf5 7. Nd4 Bg6 8.
Be2 Qh4 9. Rf1 Qxh2 10. Bf3 O-O 11. Nb3 Nc6 12. N1d2 Nc5 13. Nxc5 Bxc5 14. g3
Ne5 15. Be4 Bxe4 16. Nxe4 Rad8 17. Nd2 Nd3+ 18. Ke2 Qh5+ 0-1

[Event "Madrid-ch Semifinal A"]
[Site "Madrid ESP"]
[Date "2016.03.16"]
[Round "6.8"]
[White "Alvarez Abejon, Amilcar"]
[Black "Madrigal Muga, Jose M"]
[Result "1/2-1/2"]
[WhiteElo "2016"]
[BlackElo "1982"]
[PlyCount "95"]
[EventDate "2016.03.07"]
[EventType "swiss"]
[EventRounds "9"]
[EventCountry "ESP"]
[Source "lmi"]
[SourceDate "2016.03.07"]

1. e4 e6 2. Nf3 d5 3. Nc3 Nf6 4. e5 Nfd7 5. d4 a6 6. Bg5 Be7 7. h4 h6 8. Bxe7
Qxe7 9. Qd2 c5 10. dxc5 Nc6 11. O-O-O Qxc5 12. Rh3 g6 13. Qf4 Qe7 14. Bd3 Nc5
15. Ne2 Nb4 16. Kb1 Ncxd3 17. cxd3 Bd7 18. a3 Nc6 19. Nfd4 Nxd4 20. Nxd4 Rc8
21. Rc1 Rxc1+ 22. Qxc1 Kf8 23. f4 h5 24. g3 Bb5 25. Qc3 Kg7 26. Rh2 Bd7 27. Qc7
Rc8 28. Qxb7 Qc5 29. Qxd7 Qxd4 30. Qxc8 Qg1+ 31. Qc1 Qxh2 32. Qe1 a5 33. b4
axb4 34. axb4 Qg2 35. b5 Qf3 36. Kc2 Qg2+ 37. Kb3 Qf3 38. Kc2 Qg2+ 39. Qd2 Qg1
40. d4 Qf1 41. Qd3 Qa1 42. Qb3 Qxd4 43. b6 Qf2+ 44. Kb1 Qe1+ 45. Kc2 Qf2+ 46.
Kb1 Qe1+ 47. Ka2 Qa5+ 48. Kb1 1/2-1/2

[Event "Madrid-ch Semifinal A"]
[Site "Madrid ESP"]
[Date "2016.03.16"]
[Round "6.9"]
[White "Camacho Casado, Demetrio"]
[Black "Cano Mercado, Francisco Manuel"]
[Result "0-1"]
[WhiteElo "1899"]
[BlackElo "1837"]
[PlyCount "66"]
[EventDate "2016.03.07"]
[EventType "swiss"]
[EventRounds "9"]
[EventCountry "ESP"]
[Source "lmi"]
[SourceDate "2016.03.07"]

1. e4 d6 2. d4 Nf6 3. Nc3 e5 4. Nf3 Nbd7 5. Bc4 Be7 6. O-O O-O 7. h3 c6 8. a4
a5 9. dxe5 dxe5 10. Qe2 Qc7 11. Re1 Nc5 12. Nd2 Ne6 13. Nb3 Nd4 14. Nxd4 exd4
15. Nb1 Nd7 16. e5 Nc5 17. Bf4 Be6 18. Nd2 Qd7 19. Bg3 Rad8 20. Nf3 Bxc4 21.
Qxc4 Qd5 22. Qe2 d3 23. cxd3 Qxd3 24. Qxd3 Rxd3 25. Kf1 Rfd8 26. Ke2 h6 27. Bf4
Rb3 28. Ra2 Nd3 29. Bd2 Nxe1 30. Nxe1 Bb4 31. Be3 Bxe1 32. Kxe1 Rd5 33. Bf4 Rd4
0-1

[Event "Madrid-ch Semifinal A"]
[Site "Madrid ESP"]
[Date "2016.03.16"]
[Round "6.10"]
[White "Martin-Consuegra Barrilero, Francisco Javier"]
[Black "Gonzalez Mateos, Rafael"]
[Result "0-1"]
[WhiteElo "1841"]
[BlackElo "2003"]
[PlyCount "124"]
[EventDate "2016.03.07"]
[EventType "swiss"]
[EventRounds "9"]
[EventCountry "ESP"]
[Source "lmi"]
[SourceDate "2016.03.07"]

1. d4 Nf6 2. c4 e6 3. Nf3 b6 4. e3 Bb7 5. Bd3 Bb4+ 6. Bd2 Bxd2+ 7. Nbxd2 d5 8.
Qc2 O-O 9. O-O Nbd7 10. b4 dxc4 11. Bxc4 Qe7 12. a3 c5 13. Qb3 cxd4 14. exd4 a6
15. a4 Bd5 16. Rfe1 Bxc4 17. Qxc4 Rfc8 18. Qb3 Qd6 19. Ne4 Nxe4 20. Rxe4 Nf6
21. Re2 Nd5 22. b5 axb5 23. Ree1 b4 24. Rac1 Rc3 25. Rxc3 bxc3 26. Rb1 h6 27.
Ne1 Qc6 28. Ra1 Rc8 29. Nc2 Qc4 30. Qb5 Qxb5 31. axb5 Rc4 32. Kf1 Nc7 33. Rb1
Ra4 34. Ke2 Ra5 35. Kd3 Nxb5 36. Ne3 Nc7 37. Rxb6 Ra2 38. Nc2 Nd5 39. Rb8+ Kh7
40. g3 g5 41. h3 h5 42. Rb1 Kg6 43. Re1 h4 44. Re2 g4 45. hxg4 hxg3 46. fxg3
Kg5 47. Re4 Rb2 48. Re5+ Kxg4 49. Ne3+ Nxe3 50. Rxe3 c2 51. Kd2 Rb4 52. Kxc2
Rxd4 53. Kc3 Rd6 54. Kc4 Rd1 55. Kc5 Rg1 56. Kd6 Rxg3 57. Re1 Rd3+ 58. Ke7 f5
59. Kxe6 f4 60. Rg1+ Rg3 61. Rf1 Re3+ 62. Kd5 f3 0-1

[Event "Madrid-ch Semifinal A"]
[Site "Madrid ESP"]
[Date "2016.03.16"]
[Round "6.11"]
[White "Roldan Garcia, Angel"]
[Black "Perez Ordoñez, Jose Ramon"]
[Result "0-1"]
[WhiteElo "1840"]
[BlackElo "1966"]
[PlyCount "80"]
[EventDate "2016.03.07"]
[EventType "swiss"]
[EventRounds "9"]
[EventCountry "ESP"]
[Source "lmi"]
[SourceDate "2016.03.07"]

1. e4 c5 2. Nf3 Nc6 3. c3 d5 4. exd5 Qxd5 5. d4 Nf6 6. Be2 e6 7. O-O Be7 8. Na3
O-O 9. Nb5 Qd7 10. Ne5 Nxe5 11. dxe5 Nd5 12. Bd3 a6 13. Na3 Rd8 14. Bc2 b5 15.
Qg4 c4 16. Bh6 g6 17. Rad1 Qc7 18. Qg3 Bb7 19. h4 f5 20. h5 Kf7 21. hxg6+ hxg6
22. Rfe1 Rh8 23. Bg5 Bxg5 24. Qxg5 Rh5 25. Qg3 Rah8 26. Kf1 g5 27. Bxf5 Rh1+
28. Ke2 Nf4+ 29. Kd2 Rxe1 30. Bxe6+ Nxe6 31. Rxe1 Qc6 32. Qg4 Ke7 33. Nc2 Qxg2
34. Qe2 Rd8+ 35. Kc1 Nf4 36. Qe3 Nd3+ 37. Kb1 Nxe1 38. Qc5+ Ke8 39. Nd4 Qe4+
40. Kc1 Rxd4 0-1

[Event "Madrid-ch Semifinal A"]
[Site "Madrid ESP"]
[Date "2016.03.16"]
[Round "6.12"]
[White "Corral Aragon, Juan Maria"]
[Black "Lozano Sanchez, Jose Antonio"]
[Result "1-0"]
[WhiteElo "1805"]
[BlackElo "1886"]
[PlyCount "61"]
[EventDate "2016.03.07"]
[EventType "swiss"]
[EventRounds "9"]
[EventCountry "ESP"]
[Source "lmi"]
[SourceDate "2016.03.07"]

1. e4 e5 2. Nf3 Nc6 3. Bb5 Bc5 4. O-O d6 5. Bxc6+ bxc6 6. d4 exd4 7. Nxd4 Ne7
8. Nb3 Bb6 9. Nc3 O-O 10. a4 a5 11. Be3 Bxe3 12. fxe3 Be6 13. Nd4 Qd7 14. h3
Ng6 15. b3 Ne5 16. Qh5 f6 17. Rad1 Bf7 18. Qh4 Rfe8 19. Nf5 Bg6 20. Qg3 Nf7 21.
Nh4 Bxe4 22. Rxf6 Bxc2 23. Rdf1 Bxb3 24. Nf5 Ne5 25. Ne4 Ng6 26. Rxg6 hxg6 27.
Nf6+ gxf6 28. Qxg6+ Kh8 29. Qxf6+ Kg8 30. Rf3 Qe6 31. Qg7# 1-0

[Event "Madrid-ch Semifinal A"]
[Site "Madrid ESP"]
[Date "2016.03.16"]
[Round "6.13"]
[White "Perez Cameselle, Francisco Jose"]
[Black "Lopez Heras, Arturo"]
[Result "0-1"]
[WhiteElo "1868"]
[BlackElo "1841"]
[PlyCount "76"]
[EventDate "2016.03.07"]
[EventType "swiss"]
[EventRounds "9"]
[EventCountry "ESP"]
[Source "lmi"]
[SourceDate "2016.03.07"]

1. Nf3 Nf6 2. g3 g6 3. Bg2 Bg7 4. O-O c5 5. d3 O-O 6. e4 d6 7. Qe2 Nc6 8. c3 e5
9. Nbd2 b5 10. a4 b4 11. Nc4 Ba6 12. Nfd2 Rb8 13. Ne3 bxc3 14. bxc3 Na5 15. Ba3
Qd7 16. Nec4 Bxc4 17. Nxc4 Nxc4 18. dxc4 Rb3 19. Qc2 Rfb8 20. Bb4 R3xb4 21.
cxb4 Rxb4 22. Rfb1 a5 23. Rxb4 cxb4 24. c5 Qc6 25. Rc1 dxc5 26. Qxc5 Qxa4 27.
Qxe5 h5 28. Ra1 Qc2 29. Rxa5 Ng4 30. Qb8+ Kh7 31. Qxb4 Qxf2+ 32. Kh1 Ne3 33.
Bh3 Nf1 34. Bg2 Bd4 35. Qxd4 Qxd4 36. Bxf1 Qxe4+ 37. Kg1 Qe3+ 38. Kh1 Qe1 0-1

[Event "Madrid-ch Semifinal A"]
[Site "Madrid ESP"]
[Date "2016.03.16"]
[Round "6.14"]
[White "Camarero Izquierdo, Juan Carlos"]
[Black "Pashov, Spas Nikolov"]
[Result "1-0"]
[WhiteElo "1844"]
[BlackElo "1834"]
[PlyCount "45"]
[EventDate "2016.03.07"]
[EventType "swiss"]
[EventRounds "9"]
[EventCountry "ESP"]
[Source "lmi"]
[SourceDate "2016.03.07"]

1. d4 Nf6 2. Nc3 d5 3. Bg5 e6 4. e4 dxe4 5. Nxe4 Be7 6. Bxf6 Bxf6 7. Nf3 O-O 8.
Qd3 Na6 9. h4 c5 10. Nfg5 Bxg5 11. hxg5 f5 12. gxf6 gxf6 13. O-O-O Qc7 14. dxc5
Qe5 15. Kb1 Rf7 16. Qf3 Bd7 17. Bxa6 bxa6 18. Rxd7 Rb8 19. Qg3+ Qxg3 20. fxg3
f5 21. Rxf7 Kxf7 22. Nd6+ Kg6 23. c6 1-0

[Event "Madrid-ch Semifinal A"]
[Site "Madrid ESP"]
[Date "2016.03.16"]
[Round "6.15"]
[White "Marcos Herrero, Francisco"]
[Black "Valencia De Loma, Sergio"]
[Result "1/2-1/2"]
[WhiteElo "1963"]
[BlackElo "1689"]
[PlyCount "46"]
[EventDate "2016.03.07"]
[EventType "swiss"]
[EventRounds "9"]
[EventCountry "ESP"]
[Source "lmi"]
[SourceDate "2016.03.07"]

1. Nf3 Nf6 2. c4 e6 3. g3 d5 4. Bg2 c6 5. O-O dxc4 6. a4 a5 7. Na3 Bxa3 8. Rxa3
Nd5 9. d3 cxd3 10. Rxd3 Qc7 11. e4 Nb4 12. Bf4 Qb6 13. Rd6 O-O 14. Ne5 Qc5 15.
Qd2 Qc2 16. Qe3 f6 17. Bh6 gxh6 18. Qxh6 fxe5 19. Qg5+ Kh8 20. Qxe5+ Kg8 21.
Qg5+ Kh8 22. Qe5+ Kg8 23. Qg5+ Kh8 1/2-1/2

[Event "Madrid-ch Semifinal A"]
[Site "Madrid ESP"]
[Date "2016.03.16"]
[Round "6.16"]
[White "Rosa Ramirez, Victor D"]
[Black "Garcia Gutierrez, Jose"]
[Result "1-0"]
[WhiteElo "1971"]
[BlackElo "1947"]
[PlyCount "73"]
[EventDate "2016.03.07"]
[EventType "swiss"]
[EventRounds "9"]
[EventCountry "ESP"]
[Source "lmi"]
[SourceDate "2016.03.07"]

1. e4 e6 2. d4 d5 3. e5 c5 4. c3 Nc6 5. Nf3 Bd7 6. dxc5 Qc7 7. Bf4 Bxc5 8. b4
Be7 9. Bd3 h6 10. Bg3 g5 11. h3 O-O-O 12. Nbd2 f5 13. exf6 Bd6 14. Bxd6 Qxd6
15. f7 Nge7 16. Qe2 Rdf8 17. b5 Nd8 18. Ne5 Nxf7 19. Ndf3 Nxe5 20. Nxe5 Be8 21.
O-O h5 22. c4 Kb8 23. Rac1 Nf5 24. c5 Qc7 25. Qb2 d4 26. Rfe1 g4 27. b6 Qg7 28.
bxa7+ Ka8 29. Nc4 Kxa7 30. Qa3+ Kb8 31. Nb6 Bc6 32. Be4 Ne7 33. Bxc6 Nxc6 34.
Rxe6 gxh3 35. Qa8+ Kc7 36. Nd5+ Kd7 37. Rd6# 1-0

[Event "Madrid-ch Semifinal A"]
[Site "Madrid ESP"]
[Date "2016.03.28"]
[Round "7.1"]
[White "Plazuelo Pascual, Juan"]
[Black "Pastor Alonso De Prado, Alberto"]
[Result "1/2-1/2"]
[WhiteElo "2249"]
[BlackElo "2141"]
[PlyCount "68"]
[EventDate "2016.03.07"]
[EventType "swiss"]
[EventRounds "9"]
[EventCountry "ESP"]
[Source "lmi"]
[SourceDate "2016.03.07"]

1. d4 d5 2. c4 e6 3. Nc3 Nf6 4. cxd5 exd5 5. Bg5 c6 6. Qc2 Be7 7. e3 Nbd7 8.
Bd3 O-O 9. Nf3 Re8 10. O-O h6 11. Bf4 Nf8 12. h3 Bd6 13. Bxd6 Qxd6 14. Rab1 b6
15. b4 Be6 16. Ne5 N6d7 17. Nf3 a5 18. a3 axb4 19. axb4 Ra3 20. Rfc1 Rea8 21.
e4 dxe4 22. Bxe4 Nf6 23. Bd3 Nd5 24. Nxd5 Bxd5 25. Ne5 Ra2 26. Rb2 Qf6 27. Bc4
Bxc4 28. Nxc4 Rxb2 29. Qxb2 Ne6 30. Ne5 Rd8 31. Nxc6 Nxd4 32. Nxd4 Rxd4 33. Re1
b5 34. Qc2 Qd8 1/2-1/2

[Event "Madrid-ch Semifinal A"]
[Site "Madrid ESP"]
[Date "2016.03.28"]
[Round "7.2"]
[White "Iagar, Razvan-Gabriel"]
[Black "Quevedo Marin, Manuel"]
[Result "1/2-1/2"]
[WhiteElo "2136"]
[BlackElo "2231"]
[PlyCount "54"]
[EventDate "2016.03.07"]
[EventType "swiss"]
[EventRounds "9"]
[EventCountry "ESP"]
[Source "lmi"]
[SourceDate "2016.03.07"]

1. d4 d5 2. c4 dxc4 3. Nf3 Nf6 4. e3 Bg4 5. Bxc4 e6 6. O-O Nc6 7. Be2 Bd6 8.
Nbd2 O-O 9. h3 Bh5 10. b3 e5 11. dxe5 Nxe5 12. Bb2 Re8 13. Nxe5 Bxe5 14. Nc4
Bxb2 15. Nxb2 Bg6 16. Qxd8 Raxd8 17. Rfd1 c6 18. Bf3 Bc2 19. Rxd8 Rxd8 20. Kf1
Kf8 21. Rc1 Bg6 22. Ke1 Ke7 23. Nc4 Be4 24. Bxe4 Nxe4 25. Rc2 Rd5 26. f3 Ng5
27. Rd2 Rxd2 1/2-1/2

[Event "Madrid-ch Semifinal A"]
[Site "Madrid ESP"]
[Date "2016.03.28"]
[Round "7.3"]
[White "Longa Yauca, Javier"]
[Black "Cabañas Bravo, Juan Andres"]
[Result "1-0"]
[WhiteElo "2276"]
[BlackElo "2009"]
[PlyCount "53"]
[EventDate "2016.03.07"]
[EventType "swiss"]
[EventRounds "9"]
[EventCountry "ESP"]
[Source "lmi"]
[SourceDate "2016.03.07"]

1. d4 Nf6 2. Nf3 d5 3. c4 c6 4. g3 dxc4 5. Bg2 Nbd7 6. O-O g6 7. Nbd2 b5 8. Ne5
Nxe5 9. dxe5 Nd5 10. Ne4 Bg7 11. Qd4 Qb6 12. Nc5 e6 13. Rd1 O-O 14. Bg5 Qc7 15.
Bf6 a5 16. Qh4 Ra7 17. Ne4 h6 18. Rd2 b4 19. Rc1 Ba6 20. Bf3 a4 21. Nd6 c3 22.
bxc3 bxc3 23. Rd4 Qb6 24. Bxd5 cxd5 25. Bxg7 Kxg7 26. Qf6+ Kh7 27. Nf5 1-0

[Event "Madrid-ch Semifinal A"]
[Site "Madrid ESP"]
[Date "2016.03.28"]
[Round "7.5"]
[White "Cano Mercado, Francisco Manuel"]
[Black "Lorenzo Bailador, Alfredo"]
[Result "0-1"]
[WhiteElo "1837"]
[BlackElo "1991"]
[PlyCount "64"]
[EventDate "2016.03.07"]
[EventType "swiss"]
[EventRounds "9"]
[EventCountry "ESP"]
[Source "lmi"]
[SourceDate "2016.03.07"]

1. Nf3 d5 2. g3 Nf6 3. Bg2 c6 4. O-O Bf5 5. b3 e6 6. Bb2 h6 7. d4 Nbd7 8. Nbd2
Ne4 9. c4 Be7 10. Ne5 Nxd2 11. Qxd2 Nxe5 12. dxe5 dxc4 13. Qc3 cxb3 14. axb3
O-O 15. Rad1 Qb6 16. Rd7 Bc5 17. e3 Rfd8 18. Rfd1 Rxd7 19. Rxd7 Rb8 20. h3 Kf8
21. Kh2 Ke8 22. Rd1 Rd8 23. Rc1 Be7 24. Qc4 Qb4 25. Bd4 a5 26. g4 Qxc4 27. Rxc4
Bd3 28. Ra4 Bb4 29. Bb6 Ra8 30. Ra1 Ra6 31. Bd4 Bc2 32. Bf1 b5 0-1

[Event "Madrid-ch Semifinal A"]
[Site "Madrid ESP"]
[Date "2016.03.28"]
[Round "7.6"]
[White "Gonzalez Mateos, Rafael"]
[Black "Martin Martin, Luis Vicente"]
[Result "1/2-1/2"]
[WhiteElo "2003"]
[BlackElo "2024"]
[PlyCount "29"]
[EventDate "2016.03.07"]
[EventType "swiss"]
[EventRounds "9"]
[EventCountry "ESP"]
[Source "lmi"]
[SourceDate "2016.03.07"]

1. d4 Nf6 2. c3 d5 3. Nf3 Bf5 4. Qb3 Qc8 5. Bg5 Nbd7 6. Nbd2 e6 7. e3 h6 8. Bh4
Bd6 9. c4 c6 10. Bg3 Bxg3 11. hxg3 O-O 12. Bd3 Ne4 13. Qc2 Nxd2 14. Qxd2 Bxd3
15. Qxd3 1/2-1/2

[Event "Madrid-ch Semifinal A"]
[Site "Madrid ESP"]
[Date "2016.03.28"]
[Round "7.7"]
[White "Perez Ordoñez, Jose Ramon"]
[Black "Alvarez Abejon, Amilcar"]
[Result "0-1"]
[WhiteElo "1966"]
[BlackElo "2016"]
[PlyCount "68"]
[EventDate "2016.03.07"]
[EventType "swiss"]
[EventRounds "9"]
[EventCountry "ESP"]
[Source "lmi"]
[SourceDate "2016.03.07"]

1. b3 e5 2. Bb2 Nc6 3. e3 Nf6 4. Bb5 Bd6 5. Na3 Na5 6. Be2 a6 7. c4 O-O 8. Nc2
Nc6 9. d3 Re8 10. Nf3 Bf8 11. O-O d5 12. cxd5 Nxd5 13. Na3 Bxa3 14. Bxa3 Nc3
15. Qd2 Nxe2+ 16. Qxe2 Bg4 17. h3 Bh5 18. g4 Bg6 19. e4 Qd7 20. Bb2 Rad8 21.
Rad1 h5 22. Nh4 Re6 23. f4 exf4 24. Rxf4 Nd4 25. Qg2 Rc6 26. Rd2 Ne6 27. Rf5
Bxf5 28. gxf5 Nd4 29. Qg5 Qd6 30. Rg2 Qf6 31. Qe3 Qxh4 32. Bxd4 Rxd4 33. Qxd4
Rc1+ 34. Kh2 Qf4+ 0-1

[Event "Madrid-ch Semifinal A"]
[Site "Madrid ESP"]
[Date "2016.03.28"]
[Round "7.8"]
[White "Madrigal Muga, Jose M"]
[Black "Corral Aragon, Juan Maria"]
[Result "1-0"]
[WhiteElo "1982"]
[BlackElo "1805"]
[PlyCount "49"]
[EventDate "2016.03.07"]
[EventType "swiss"]
[EventRounds "9"]
[EventCountry "ESP"]
[Source "lmi"]
[SourceDate "2016.03.07"]

1. e4 c6 2. d4 d5 3. e5 Bf5 4. Nf3 e6 5. Be2 Nd7 6. O-O Be7 7. c4 dxc4 8. Bxc4
Nb6 9. Be2 h5 10. Nc3 g5 11. Be3 g4 12. Nd2 Nd5 13. Nxd5 exd5 14. Qb3 Qb6 15.
f3 Nh6 16. Qc3 gxf3 17. Bxf3 Bb4 18. Qc1 Ng4 19. Bxg4 Bxg4 20. a3 Be7 21. b4
Rg8 22. Kh1 Bg5 23. Bxg5 Rxg5 24. Nc4 Qd8 25. Nd6+ 1-0

[Event "Madrid-ch Semifinal A"]
[Site "Madrid ESP"]
[Date "2016.03.28"]
[Round "7.9"]
[White "Lopez Heras, Arturo"]
[Black "Ruiz Quevedo, Andres"]
[Result "0-1"]
[WhiteElo "1841"]
[BlackElo "1896"]
[PlyCount "90"]
[EventDate "2016.03.07"]
[EventType "swiss"]
[EventRounds "9"]
[EventCountry "ESP"]
[Source "lmi"]
[SourceDate "2016.03.07"]

1. e4 c5 2. Nf3 e6 3. d4 cxd4 4. Nxd4 a6 5. Nc3 Qc7 6. a3 Nf6 7. Bg5 Nc6 8.
Bxf6 gxf6 9. g3 b5 10. Nxc6 Qxc6 11. Bg2 Bb7 12. Rg1 Qc7 13. Qd4 O-O-O 14.
O-O-O Rg8 15. Rd3 Bc5 16. Qxf6 Rg6 17. Qf3 Qb6 18. Qe2 Bxf2 19. Rf1 Rf6 20. Nd1
Bd4 21. Rxf6 Bxf6 22. Kb1 Be5 23. Ne3 Rg8 24. Qd2 Bc6 25. Bh3 h5 26. Qd1 Qb7
27. Bg2 d6 28. Qxh5 f5 29. exf5 Bxg2 30. Nxg2 Qxg2 31. fxe6 Qf1+ 32. Rd1 Qf6
33. Qh3 Re8 34. Qg2 Rxe6 35. Rf1 Qe7 36. Qa8+ Kc7 37. Qa7+ Kc6 38. Qxa6+ Kc5
39. c4 Qh7+ 40. Ka2 bxc4 41. Rc1 Qd3 42. b4+ Kd4 43. Qb6+ Ke4 44. Re1+ Kf5 45.
Qf2+ Kg6 0-1

[Event "Madrid-ch Semifinal A"]
[Site "Madrid ESP"]
[Date "2016.03.28"]
[Round "7.10"]
[White "Ciuro Muñoz, Ricardo"]
[Black "Marin Aso, Jose Luis"]
[Result "1-0"]
[WhiteElo "2014"]
[BlackElo "1852"]
[PlyCount "57"]
[EventDate "2016.03.07"]
[EventType "swiss"]
[EventRounds "9"]
[EventCountry "ESP"]
[Source "lmi"]
[SourceDate "2016.03.07"]

1. e4 c5 2. Nf3 e6 3. g3 d5 4. e5 Nc6 5. Bg2 Qc7 6. Qe2 Nh6 7. c3 Nf5 8. O-O
Bd7 9. Na3 a6 10. Re1 Be7 11. Nc2 Rc8 12. Ne3 Nxe3 13. Qxe3 O-O 14. d3 f6 15.
exf6 Rxf6 16. Ng5 h6 17. Nh3 Rcf8 18. f4 d4 19. Qe2 Bd6 20. Nf2 R6f7 21. Rf1
Qb6 22. c4 Kh8 23. Ne4 Bb8 24. b3 e5 25. Ba3 Nb4 26. fxe5 Bxe5 27. Rxf7 Rxf7
28. Rf1 Bf6 29. Qh5 1-0

[Event "Madrid-ch Semifinal A"]
[Site "Madrid ESP"]
[Date "2016.03.28"]
[Round "7.11"]
[White "Camarero Izquierdo, Juan Carlos"]
[Black "Yague Sanchez, Sergio"]
[Result "1-0"]
[WhiteElo "1844"]
[BlackElo "1893"]
[PlyCount "65"]
[EventDate "2016.03.07"]
[EventType "swiss"]
[EventRounds "9"]
[EventCountry "ESP"]
[Source "lmi"]
[SourceDate "2016.03.07"]

1. d4 d5 2. Nc3 Bf5 3. f3 Nf6 4. Bg5 c6 5. Bxf6 exf6 6. e4 dxe4 7. fxe4 Bg6 8.
Qd3 Qa5 9. O-O-O Nd7 10. h4 h6 11. Kb1 O-O-O 12. Nge2 Bb4 13. a3 Bd6 14. Nc1
Rhe8 15. Nb3 Qc7 16. Be2 Kb8 17. Rhf1 a6 18. Bg4 Nb6 19. Bf5 c5 20. dxc5 Bxc5
21. Qf3 Bd6 22. Nd5 Nxd5 23. exd5 Be5 24. Qd3 Bxf5 25. Qxf5 g6 26. Qd3 h5 27.
c4 Bf4 28. c5 Be5 29. d6 Qc6 30. Rf2 Rd7 31. Rc2 Rdd8 32. Na5 Qc8 33. d7 1-0

[Event "Madrid-ch Semifinal A"]
[Site "Madrid ESP"]
[Date "2016.03.28"]
[Round "7.12"]
[White "Lozano Sanchez, Jose Antonio"]
[Black "Rosa Ramirez, Victor D"]
[Result "1/2-1/2"]
[WhiteElo "1886"]
[BlackElo "1971"]
[PlyCount "69"]
[EventDate "2016.03.07"]
[EventType "swiss"]
[EventRounds "9"]
[EventCountry "ESP"]
[Source "lmi"]
[SourceDate "2016.03.07"]

1. e4 e6 2. Nf3 d5 3. exd5 exd5 4. d4 Bd6 5. Bd3 Nc6 6. c3 Bg4 7. Be3 Nge7 8.
Nbd2 Nf5 9. O-O O-O 10. Qc2 Nxe3 11. Bxh7+ Kh8 12. fxe3 Qe7 13. Bd3 Qxe3+ 14.
Rf2 Rae8 15. Bf5 Bxf3 16. Nxf3 Qh6 17. Re2 Re3 18. Rae1 Rfe8 19. Qd2 Bf4 20. g3
Rxe2 21. Rxe2 Be3+ 22. Kg2 g6 23. Qd3 gxf5 24. Qxf5 Re6 25. Qxf7 Nd8 26. Qxc7
Bg5 27. Rxe6 Nxe6 28. Qc8+ Nd8 29. Qf5 Bf6 30. Qxd5 Nc6 31. Qf7 Qg7 32. Qe8+
Kh7 33. Qh5+ Kg8 34. Qe8+ Kh7 35. Qh5+ 1/2-1/2

[Event "Madrid-ch Semifinal A"]
[Site "Madrid ESP"]
[Date "2016.03.28"]
[Round "7.13"]
[White "Marcos Herrero, Francisco"]
[Black "Roldan Garcia, Angel"]
[Result "1-0"]
[WhiteElo "1963"]
[BlackElo "1840"]
[PlyCount "61"]
[EventDate "2016.03.07"]
[EventType "swiss"]
[EventRounds "9"]
[EventCountry "ESP"]
[Source "lmi"]
[SourceDate "2016.03.07"]

1. Nf3 Nf6 2. c4 g6 3. d4 Bg7 4. g3 O-O 5. Bg2 d6 6. O-O Nbd7 7. Nc3 e5 8. e4
exd4 9. Nxd4 Re8 10. h3 a6 11. Be3 Rb8 12. b3 c5 13. Nde2 b5 14. Qxd6 Rb6 15.
Qd2 bxc4 16. bxc4 Rbe6 17. Rad1 Qa5 18. Nf4 Rb6 19. Nfd5 Nxd5 20. Nxd5 Qxd2 21.
Rxd2 Rc6 22. Rfd1 Bf8 23. f4 Nb6 24. Nxb6 Rxb6 25. Rd8 Rbe6 26. e5 Kg7 27. h4
f5 28. Bf2 a5 29. Be1 Ba6 30. R1d7+ Kh6 31. Bd5 1-0